Estudio de prefactibilidad del proyecto: adoquinado del casco urbano del municipio de Murra, Nueva Segovia

Presenta un estudio de prefactibilidad del proyecto: adoquinado del casco urbano del municipio de Murra, Nueva Segovia. La idea del proyecto se realizó con la finalidad de contrarrestar la problemática de acceso adecuado y seguro a la comunidad tanto de la población del mismo que asiste a sus cen...

Full description

Bibliographic Details
Main Author: Roque Padilla, Yaffet Nathael
Other Authors: Tutor: Gutiérrez Mendoza, Carlos Antonio
Format: Tesis Section = Libro
Language:Undetermined
Spanish
Published: Managua UNI 2007
Subjects:
LEADER 01143nam a2200229Ia 4500
008 240830s9999 xx 000 0 und d
040 |a BIBLIOTECA-RUPAP T.Mon 625.8 R786 
041 |a spa 
082 |a T.Mon 625.8 R786 
100 1 |a Roque Padilla, Yaffet Nathael 
245 1 0 |a Estudio de prefactibilidad del proyecto: adoquinado del casco urbano del municipio de Murra, Nueva Segovia 
260 |a Managua  |b UNI  |c 2007 
300 |a 101 p. :il. 
500 |a Contiene: anexos. 
502 |a Tesis (Ingeniero Civil)- UNI, 2007. 
520 3 |a Presenta un estudio de prefactibilidad del proyecto: adoquinado del casco urbano del municipio de Murra, Nueva Segovia. La idea del proyecto se realizó con la finalidad de contrarrestar la problemática de acceso adecuado y seguro a la comunidad tanto de la población del mismo que asiste a sus centros de trabajo y estudio, así como de la población en general que transita por la zona hacia el resto del país. 
650 7 |a PAVIMENTOS 
650 7 |b CALLES-MANTENIMIENTO Y REPARACION 
700 1 |a Tutor:  |b Gutiérrez Mendoza, Carlos Antonio 
942 |c BK  |2 ddc 
991 |a TESIS 
999 |c 18250